Vnemový marketing – zmysly v podpore predaja

Analýza teoretických poznatkov z oblasti vnemového marketingu, ale aj prehľad praktických ukážok využitia zmyslov v podpore predaja doma i v zahraničí.

Salvato in:
Dettagli Bibliografici
Autore principale: Pajonk, Peter, 1987-
Altri autori: Plevová, Katarína, 1989-
Natura: Capitolo di libro
Lingua:slovacco
Soggetti:
Tags: Aggiungi Tag
Nessun Tag, puoi essere il primo ad aggiungerne!!

MARC

LEADER 00000naa a2200000 4500
001 0203815
005 20240502073414.3
041 0 |a slo 
044 |a SK 
245 1 0 |a Vnemový marketing – zmysly v podpore predaja  |c Peter Pajonk, Katarína Plevová 
520 |a Analýza teoretických poznatkov z oblasti vnemového marketingu, ale aj prehľad praktických ukážok využitia zmyslov v podpore predaja doma i v zahraničí. 
610 2 0 |a marketing 
610 2 0 |a produkcia 
610 2 0 |a predaj 
610 2 0 |a spotrebitelia 
610 2 0 |a hudba 
610 2 0 |a osvetlenie 
610 2 0 |a podpora predaja 
100 1 |a Pajonk, Peter, 1987- 
700 1 |a Plevová, Katarína, 1989-